000 00719nam a22002297a 4500
005 20170124110238.0
010 _aA-895499
020 _c00.00
_a8170248213
035 _aA-895499
037 _bCen Lib/Ret
040 _aDPL
_bEN
082 _a306.74
_bNAG
100 _aNagendra Kr. Singh
_991122
245 _aDivine prostitution /
_cby Nagendra Kr. Singh
260 _aNew Delhi
_bA.P.H. Publishing Corporation
_c1997
270 _a5, Ansari road
_bNew Delhi
_e110002
300 _aiv,300p.
_c21cm(Hb)
500 _aIncludes bibliographical references and index
650 _aProstitution--pravalence
_991123
650 _aProstitution - India
_991124
942 _2ddc
_cEN
_h306.74
_mNAG
999 _c135000
_d135000